Southville International School and Colleges
Your cart is empty.
  • Cart
  • Lists
    Public lists Eva Luna New books Lux_list list_1
    Your lists Log in to create your own lists
  • Log in to your account
  • Your cookies
  • Search history
Southville International School and Colleges
  • Advanced search
  • Recent comments
  • Most popular
  • Libraries

Log in to your account

Log in with GOOGLE


If you do not have an external account, but do have a local account, you can still log in:

  1. Home
  2. MARC view: Toy story :
Normal view MARC view ISBD view

Toy story : (Record no. 109684)

[ view plain ]
MARC details
000 -LEADER
fixed length control field 00407nam a2200157 a 4500
005 - DATE AND TIME OF LATEST TRANSACTION
control field 20140414093847.0
008 - FIXED-LENGTH DATA ELEMENTS--GENERAL INFORMATION
fixed length control field 110108s19uu xx 00 eng d
020 ## - INTERNATIONAL STANDARD BOOK NUMBER
International Standard Book Number 978-1-4454-0072-3
050 ## - LIBRARY OF CONGRESS CALL NUMBER
Classification number CD 800.008
Item number TOY 2010
100 ## - MAIN ENTRY--PERSONAL NAME
Personal name Disney
245 ## - TITLE STATEMENT
Title Toy story :
Remainder of title Book and Cd /
Statement of responsibility, etc Disney.
260 ## - PUBLICATION, DISTRIBUTION, ETC. (IMPRINT)
Place of publication, distribution, etc United Kingdom :
Name of publisher, distributor, etc Parragon,
Date of publication, distribution, etc 2010.
650 ## - SUBJECT ADDED ENTRY--TOPICAL TERM
Topical term or geographic name as entry element Fairy tales
942 ## - ADDED ENTRY ELEMENTS (KOHA)
Koha item type Audio Visual Materials
Holdings
Withdrawn status Lost status Damaged status Home library Current library Shelving location Date acquired Source of acquisition Cost, normal purchase price Total Checkouts Total Renewals Full call number Barcode Date last seen Date checked out Price effective from Koha item type
      Luxembourg Library Luxembourg Library Audio Visual Material Section 01/08/2011   125.00 1 1 CD 800.008 TOY 2010 AV1350 09/27/2016 09/02/2016 04/14/2014 Audio Visual Materials

Toy story :

APA

Disney, . (2010). Toy story. United Kingdom: Parragon.

Chicago

Disney, . 2010. Toy story. United Kingdom: Parragon.

Harvard

Disney, . (2010). Toy story. United Kingdom: Parragon.

MLA

Disney, . Toy story. United Kingdom: Parragon. 2010.

  • Place hold
  • Print
  • Cite
  • Add to your cart (remove)
  • Save record
    BIBTEX Dublin Core MARCXML MARC (non-Unicode/MARC-8) MARC (Unicode/UTF-8) MARC (Unicode/UTF-8, Standard) MODS (XML) RIS
  • More searches
    Search for this title in:
    Other Libraries (WorldCat) Other Databases (Google Scholar) Online Stores (Bookfinder.com) Open Library (openlibrary.org)

Exporting to Dublin Core...

SOUTHVILLE LIBRARY

Southville International School and Colleges Library

1281 Tropical Ave. Cor. Luxembourg St., BF Homes International, Las Pinas City

Tel. No. 8256374 / 252358 Loc. 117/146

Powered by Koha